000 00639nam a22001937a 4500
003 OSt
005 20251119113924.0
008 251119b |||||||| |||| 00| 0 eng d
020 _a978-1-59385-707-3
040 _aDWC-Main lib.
_cOC
082 _aCirc. 372.48 C147c 2008
100 _aCaldwell, Joanne Schudt
245 _aComprehension assessment :
_ba classroom guide/
_cJoanne Schudt Caldwell
260 _aNew York :
_bThe Guilford Press,
_cc2008.
300 _aix, 230 pages ;
_c25 cm.
650 _a1. Reading comprehension--Ability testing.
650 _a2. Reading--Ability testing.
942 _2ddc
_cBK-CIRC
_hCirc.
_n0
999 _c5821
_d5821